| 000 | 00793ata a2200277 4500 | ||
|---|---|---|---|
| 005 | 20260325193813.0 | ||
| 008 | 150522b2007 xxu||||| |||| 00| 0 spa d | ||
| 020 | _a9789508946270 | ||
| 041 | _aESP | ||
| 082 | _a364.36 P651p | ||
| 100 |
_aPinero, Verónica _931525 |
||
| 245 | _aProtección del menor vrs protección de la sociedad: la racionalidad penal moderna en la justicia de menores | ||
| 260 | _aArgentina | ||
| 260 | _bAD-HOC | ||
| 260 | _c2007 | ||
| 300 | _a139 páginas | ||
| 490 | _aInvestigación Criminal | ||
| 650 | _aDELINCUENCIA JUVENIL | ||
| 650 | _aDERECHO DE MENOR | ||
| 650 | _aDELINCUENCIA JUVENIL | ||
| 650 | _aLEY SOBRE MENORES | ||
| 650 | _aMENORES INFRACTORES | ||
| 650 | _aPROTECCIÓN | ||
| 650 | _aVIDA PRIVADA DE LOS MENORES | ||
| 942 |
_cBK _2ddc |
||
| 999 |
_c5923 _d5923 |
||